000 003000000a22000970004500
100 1 _aBlock, Daniel I. (1943-)
245 1 0 _aGog and the pouring out of the spirit. Reflections on Ezekiel 39:21-9
300 _aVol. 37, Num. 3 (Julio, 1987), Páginas 257-270
773 0 _tVetus Testamentum
942 _cANA
999 _c57341
_d57341